[Event "Windsor NAYCC U14"]
[Site "Windsor"]
[Date "2016.08.08"]
[Round "2.63"]
[White "Jasniewicz, Adam"]
[Black "Pulfer, Luke"]
[Result "0-1"]
[WhiteElo "807"]
[BlackElo "1868"]
[PlyCount "64"]
[EventDate "2016.08.07"]
[EventType "swiss"]
[EventRounds "9"]
[EventCountry "CAN"]
[SourceTitle "EXT 2022"]
[Source "ChessBase"]
[SourceDate "2021.10.06"]
[SourceVersion "1"]
[SourceVersionDate "2021.10.06"]
[SourceQuality "1"]

1. d4 d5 2. Nf3 e6 3. Bf4 Nf6 4. e3 Be7 5. Bd3 Nbd7 6. c3 b6 7. Nbd2 Bb7 8. Qc2 c5 9. Qa4 0-0 10. 0-0 Nh5 11. Be5 f6 12. Bf4 Nxf4 13. exf4 Bd6 14. g3 c4 15. Bb1 Re8 16. Qc2 Nf8 17. Re1 b5 18. a3 a5 19. f5 e5 20. g4 Rb8 21. b4 Qc7 22. Nf1 h6 23. dxe5 fxe5 24. g5 d4 25. f6 Bxf3 26. Qf5 Bd5 27. cxd4 g6 28. Qg4 h5 29. Qd1 exd4 30. Rxe8 Rxe8 31. Qxd4 Bf7 32. Bc2 Be5 0-1

[Event "Vancouver Intermat"]
[Site "Vancouver"]
[Date "2016.05.14"]
[Round "2.16"]
[White "Bashkansky, Naomi"]
[Black "Pulfer, Luke"]
[Result "0-1"]
[WhiteElo "2014"]
[BlackElo "2095"]
[PlyCount "76"]
[EventDate "2016.05.14"]
[EventType "swiss"]
[EventRounds "2"]
[EventCountry "CAN"]
[SourceTitle "EXT 2022"]
[Source "ChessBase"]
[SourceDate "2021.10.06"]
[SourceVersion "1"]
[SourceVersionDate "2021.10.06"]
[SourceQuality "1"]

1. d4 d5 2. c4 e6 3. Nc3 c6 4. e3 Bd6 5. Nf3 f5 6. Bd3 Nf6 7. 0-0 0-0 8. Rb1 Qe7 9. a3 Ne4 10. cxd5 exd5 11. Qc2 a5 12. Bd2 Nd7 13. Ne2 Ndf6 14. b4 g5 15. Rfd1 g4 16. Ne1 Nxd2 17. Qxd2 Ne4 18. Qb2 Bxh2+ 19. Kf1 Bd6 20. Ng1 g3 21. f3 Nf2 22. Rd2 Qxe3 23. Re2 Qf4 24. b5 Bd7 25. bxc6 bxc6 26. Qc3 Rfb8 27. Rxb8+ Bxb8 28. Qb2 Bc7 29. Rc2 Rb8 30. Qa1 Qe3 31. Re2 Qf4 32. Rc2 Ng4 33. Nh3 Ne3+ 34. Kg1 Nxc2 35. Nxc2 Qd2 36. Ne1 f4 37. Ng5 Bf5 38. Bxf5 Qf2+ 0-1

[Event "CAN-ch U10"]
[Site "Ottawa"]
[Date "2013.07.11"]
[Round "3"]
[White "Vettese, Nicholas"]
[Black "Pulfer, Luke"]
[Result "1/2-1/2"]
[WhiteElo "1434"]
[BlackElo "1645"]
[PlyCount "71"]
[EventDate "2013.07.10"]
[EventType "swiss"]
[EventRounds "6"]
[EventCountry "CAN"]
[SourceTitle "EXT 2022"]
[Source "ChessBase"]
[SourceDate "2021.10.06"]
[SourceVersion "1"]
[SourceVersionDate "2021.10.06"]
[SourceQuality "1"]

1. e4 e5 2. Nf3 Nc6 3. Bc4 Nf6 4. d3 d5 5. exd5 Nxd5 6. 0-0 Be6 7. Re1 f6 8. d4 Bd6 9. dxe5 Bxe5 10. Nxe5 fxe5 11. Bb5 Nf6 12. Nc3 Qd6 13. Qe2 0-0 14. Bxc6 Qxc6 15. Qxe5 Rae8 16. Bf4 Bxa2 17. Qxc7 Rxe1+ 18. Rxe1 Qxc7 19. Bxc7 Bc4 20. f3 Rc8 21. Bg3 Kf7 22. Ne4 Nxe4 23. Rxe4 Bd5 24. Re2 a6 25. Kf2 g6 26. Ke3 Re8+ 27. Kd2 Rxe2+ 28. Kxe2 Ke6 29. Ke3 Kf5 30. Bh4 h5 31. h3 a5 32. g4+ hxg4 33. hxg4+ Ke6 34. Bd8 a4 35. Ba5 b5 36. f4 1/2-1/2

[Event "British Columbia op"]
[Site "Richmond"]
[Date "2013.02.11"]
[Round "4"]
[White "Marionito, Jose"]
[Black "Pulfer, Luke"]
[Result "1/2-1/2"]
[WhiteElo "1652"]
[BlackElo "1605"]
[PlyCount "111"]
[EventDate "2013.02.09"]
[EventType "swiss"]
[EventRounds "5"]
[EventCountry "CAN"]
[SourceTitle "EXT 2014"]
[Source "ChessBase"]
[SourceDate "2013.11.20"]
[SourceVersion "1"]
[SourceVersionDate "2013.11.20"]
[SourceQuality "1"]

1. d4 d5 2. Nf3 Nf6 3. c4 e6 4. Nc3 Be7 5. e3 0-0 6. Bd3 b6 7. 0-0 Bb7 8. b3 Nbd7 9. Bb2 c5 10. Rc1 Ne4 11. Qe2 Ndf6 12. h3 Rc8 13. Bb1 cxd4 14. Nxd4 Qd7 15. cxd5 Nxc3 16. Bxc3 Nxd5 17. Bb2 f5 18. Rfd1 Rxc1 19. Rxc1 e5 20. Qb5 Qxb5 21. Nxb5 e4 22. Nxa7 Bc5 23. Nb5 f4 24. Bxe4 fxe3 25. Bxd5+ Bxd5 26. Bd4 exf2+ 27. Kf1 Rf4 28. Bxc5 bxc5 29. Rd1 Bc6 30. a4 g5 31. Nc3 Rb4 32. Nd5 Bxd5 33. Rxd5 Rxb3 34. Rxg5+ Kh8 35. Rxc5 Ra3 36. a5 Ra2 37. Rf5 Kg7 38. Rxf2 Rxa5 39. g3 Ra3 40. Kg2 Rb3 41. g4 Rc3 42. Rf3 Rxf3 43. Kxf3 Kg6 44. Kf4 Kf6 45. h4 h6 46. g5+ hxg5+ 47. hxg5+ Kg6 48. Kg4 Kg7 49. Kh5 Kh7 50. g6+ Kg7 51. Kg5 Kg8 52. Kg4 Kg7 53. Kf5 Kg8 54. Kf6 Kf8 55. Ke6 Kg7 56. Kf5 1/2-1/2

[Event "CAN-ch U08"]
[Site "Windsor"]
[Date "2010.07.07"]
[Round "3"]
[White "Pulfer, Luke"]
[Black "Patel, Advait"]
[Result "1-0"]
[WhiteElo "948"]
[BlackElo "842"]
[PlyCount "53"]
[EventDate "2010.07.06"]
[EventType "swiss"]
[EventRounds "7"]
[EventCountry "CAN"]
[SourceTitle "EXT 2012"]
[Source "ChessBase"]
[SourceDate "2011.11.24"]
[SourceVersion "1"]
[SourceVersionDate "2011.11.24"]
[SourceQuality "1"]

1. d4 d5 2. c4 Nf6 3. Nc3 c6 4. e3 dxc4 5. Bxc4 Bf5 6. Nf3 b5 7. Bb3 e6 8. a3 b4 9. axb4 Bxb4 10. Bd2 Ne4 11. Nxe4 Bxe4 12. Bxb4 Qb6 13. Bc5 Qa5+ 14. Rxa5 Nd7 15. 0-0 Nxc5 16. dxc5 0-0 17. Ne5 Rad8 18. Qe2 f6 19. Bxe6+ Kh8 20. Nf7+ Rxf7 21. Bxf7 Bd3 22. Qd2 h6 23. Bg6 Kg8 24. Bxd3 Rxd3 25. Qxd3 g5 26. Rxa7 f5 27. Qd8# 1-0

[Event "CAN-ch U08"]
[Site "Windsor"]
[Date "2010.07.06"]
[Round "1"]
[White "Zhao, Yue Tong"]
[Black "Pulfer, Luke"]
[Result "1-0"]
[WhiteElo "1228"]
[BlackElo "948"]
[PlyCount "51"]
[EventDate "2010.07.06"]
[EventType "swiss"]
[EventRounds "7"]
[EventCountry "CAN"]
[SourceTitle "EXT 2012"]
[Source "ChessBase"]
[SourceDate "2011.11.24"]
[SourceVersion "1"]
[SourceVersionDate "2011.11.24"]
[SourceQuality "1"]

1. e4 d6 2. d4 e6 3. Nc3 Bd7 4. Nf3 c5 5. dxc5 dxc5 6. Bb5 Nf6 7. Bg5 Be7 8. Bc4 0-0 9. 0-0 Nc6 10. Re1 Qc7 11. e5 Nxe5 12. Nxe5 Rad8 13. Bd3 Rfe8 14. Re3 h6 15. Bxf6 Bxf6 16. Ng4 Bg5 17. Re1 Bc6 18. Ne5 Bf6 19. Nxc6 Qxc6 20. Qe2 Bxc3 21. bxc3 a6 22. Rad1 Qb6 23. Rb1 Qc6 24. Be4 Qd6 25. Rxb7 Qe5 26. Bh7+ 1-0